| 000 | 01059nam a2200277 a 4500 | ||
|---|---|---|---|
| 001 | 000000728 | ||
| 005 | 20260429123224.0 | ||
| 008 | 090429t19741975dr 001 0 spa d | ||
| 040 |
_aDO-SdBNP _bspa _cBNPHU |
||
| 082 |
_a306.27293 _bJ61s, 1974 |
||
| 100 | 1 |
_aJimenes Grullón, Juan Isidro, _d1903-1983 _92482 |
|
| 245 | 1 | 0 |
_aSociología política dominicana 1844-1966 / _cJuan I. Jimenes Grullón. |
| 260 |
_aSanto Domingo : _bTaller, _c1974-1975. |
||
| 300 |
_av. ; _c21 cm. |
||
| 490 | 1 |
_aBiblioteca taller _v50 |
|
| 500 | _aLa biblioteca posee el v.1.(1844 - 1898) y v.2. (1898-1924). | ||
| 500 | _aIncluye referencias bibliográficas y notas al pie de las páginas. | ||
| 590 | _aInventariado, 2018/MFF | ||
| 650 | 0 |
_aSociología política _92483 |
|
| 650 | 0 |
_aParticipación política _9456 |
|
| 650 | 0 |
_aCiencias políticas _92426 |
|
| 651 | 0 |
_aRepública Dominicana _xPolítica y gobierno _945 |
|
| 651 | 4 |
_aRepública Dominicana _xCondiciones Sociales _946 |
|
| 830 | 0 |
_aBiblioteca taller ; _n50 _92487 |
|
| 910 | _aValidado. Control de calidad EMS. | ||
| 999 |
_c724 _d724 |
||